| 000 | 00896nam0a2200277 4500 | ||
|---|---|---|---|
| 001 | RU\NLR\bibl\486212 | ||
| 005 | 20260406122942.0 | ||
| 010 |
_a5-17-018597-9 _92000 |
||
| 021 |
_aRU _b2003-70528 _93490 |
||
| 035 | _a(NLR Aleph) 000478928 | ||
| 090 |
_a1041195 _c1041195 |
||
| 100 | _a20040203d2003 |||y0rusy50 ca | ||
| 101 | 1 |
_arus _ceng |
|
| 102 | _aRU | ||
| 105 | _ay ||||||||| | ||
| 200 | 1 |
_aПамять любви _eРоман _fБертрис Смолл _g[Пер. с англ. Т.А. Перцевой] |
|
| 210 |
_aМ. _cАСТ _d2003 |
||
| 215 |
_a318,[1] с. _d21 |
||
| 225 | 1 | _aСерия "Шарм" | |
| 686 | _aШ6(7США)67-440.4{Лх1979-50} | ||
| 700 | 1 |
_4070 _7ca _8rus _aСмолл _bБ. _f1937-2015 _gБертрис _3RU\NLR\AUTH\77816 _9110856 |
|
| 801 | 0 |
_aRU _bNLR _c20040203 _gPSBO |
|
| 801 | 1 |
_aRU _bNLR _c20040203 |
|
| 942 | _cBOOK | ||
| 980 | _aNB | ||